Toutes les rivières du département de l'Essonne - Statistiques

Statistiques générales
  • Ce quiz a été pris 27 fois
  • Le résultat moyen est 8 sur 29
Statistiques - réponses
Longueur Principales villes Rivière % Correct
54,1 km Dourdan, Brétigny sur ____, Savigny sur _____ Orge
91%
774,8 km Corbeil - Essonnes, Evry Courcouronnes, Vigneux sur _____ Seine
91%
101,1 km Boigneville, La Ferté-Alais, Corbeil - Essonnes Essonne
82%
39,3 km Gif sur ______, Orsay, Longjumeau Yvette
77%
34,6 km Bièvres, Igny, Massy Bièvre
50%
26,7 km Milly la Forêt, Dannemois, Soisy sur _____ Ecole
50%
52,6 km Le Mérévillois, Etampes, Bouray sur _____ Juine
50%
98,2 km Brunoy, Yerres, Montgeron Yerres
50%
36,3 km Saint Cyr sous Dourdan, Breuillet, Arpajon Rémarde
27%
8,6 km Villeconin, Souzy la Briche, Breuillet Renarde
23%
17,6 km Chalou-Moulineux, Chalo - Saint Mars, Etampes Chalouette
18%
7,7 km Abbéville la Rivière, Saint Cyr la Rivière, Boissy la Rivière Eclimont
18%
19,1 km Pecqueuse, Limours, Briis sous Forges Prédecelle
18%
21,6 km Brunoy, Yerres Réveillon
18%
9,5 km Villejust, Ballainvilliers, Longjumeau Rouillon
18%
16,8 km Gometz la Ville, Marcoussis, Linas Sallemouille
18%
12 km Pecqueuse, Limours, Forges les Bains Gloriette
14%
7,3 km Bouttervilliers, Saint Hilaire, Etampes Louette
14%
14,3 km Villiers le Bâcle, Gif sur ______ Mérantaise
14%
3,7 km Boissy sous Saint Yon, Egly, Bruyères le Châtel Vidange
14%
7,5 km Janvry, Fontenay lès Briis, Bruyères le Châtel Charmoise
9%
7 km Vert le Grand, Vert le Petit, Echarcon Ru de Misery
9%
11,3 km Vauhallan, Bièvres, Verrières le Buisson Ru de Vauhallan
9%
7 km Draveil, Montgreon, Crosne Ru d'Oly
9%
4 km Boigneville Velvette
9%
17,1 km Tigery, Etiolles Ru des Hauldres
5%
3 km Bièvres Syrgie
5%
3,8 km Gometz le Châtel, Gif sur ______, Bures sur ______ Vaularon
5%
4,4 km Guillerval, Saclas Marette
0%
Aucun quiz correspondant
Distribution des résultats
% des personnes avec chaque résultat
Percentile par nombre de réponses
Votre historique - résultats
Vous n’avez pas pris ce quiz